Spatial effects in hedonic price models for apartments

Úloha priestorového umiestnenia apartmánu pri stanovení ceny nehnuteľnosti. Ukazovatele určujúce cenu bytu v Šali. Regresný model vplyvu hedonických vlastností bytu na jeho cenu. Test územnej autokorelácie.

Saved in:
Bibliographic Details
Main Author: Rehák, Štefan, 1974-
Format: Book Chapter
Language:English
Subjects:
Tags: Add Tag
No Tags, Be the first to tag this record!

MARC

LEADER 00000naa$a2200000$$$4500
001 0208812
005 20240502073453.4
041 0 |a eng 
044 |a SK 
245 1 0 |a Spatial effects in hedonic price models for apartments  |c Štefan Rehák 
520 |a Úloha priestorového umiestnenia apartmánu pri stanovení ceny nehnuteľnosti. Ukazovatele určujúce cenu bytu v Šali. Regresný model vplyvu hedonických vlastností bytu na jeho cenu. Test územnej autokorelácie. 
610 2 0 |a cena nehnuteľností 
610 2 0 |a nehnuteľnosti 
610 2 0 |a kataster nehnuteľností 
610 2 0 |a hedonizmus 
610 2 0 |a modely cenové 
610 2 0 |a ekonometria 
100 1 |a Rehák, Štefan, 1974-